000
00199nam a22000977a 4500
003
SGT
245
_a
BRITISH JOURNAL OF OPHTHALMOLOGY
260
_b
OPEN ACCESS
_c
2014
300
_a
870
942
_2
ddc
_c
BV
999
_c
19661
_d
19661